Politika flexiistoty ako možné riešenie súčasných problémov na trhoch práce v krajinách EÚ diplomová práca

Uložené v:
Podrobná bibliografia
Hlavný autor: Pruszkayová, Zuzana
Korporativný autor: Národohospodárska fakulta EU. Katedra sociálneho rozvoja a práce
Ďalší autori: Přívara, Andrej, 1983-
Médium: Kniha
Jazyk:Slovak
Vydavateľské údaje: Bratislava 2015
Tagy: Pridať tag
Žiadne tagy, Buďte prvý, kto otaguje tento záznam!

MARC

LEADER 00000nbm a2200000 4500
001 0201112
005 20161212095550.0
041 0 |a slo 
044 |a SK 
245 1 0 |a Politika flexiistoty ako možné riešenie súčasných problémov na trhoch práce v krajinách EÚ  |b diplomová práca  |c Zuzana Pruszkayová ; školiteľ: Andrej Přívara 
264 1 |a Bratislava  |c 2015 
300 |a 70 s. 
100 1 |a Pruszkayová, Zuzana 
700 1 |a Přívara, Andrej, 1983- 
710 2 |a Národohospodárska fakulta EU. Katedra sociálneho rozvoja a práce